[Event "Tourn. n8184"]
[Site "www.chess-mail.com"]
[Date "2015.04.25"]
[Round "1"]
[White "Jasonbarlow7"]
[Black "Bojan"]
[WhiteElo "1919"]
[BlackElo "1980"]
[Result "0-1"]
[Round "1"]
1.Ng1f3 g6
2.g3 Bf8g7
3.Bf1g2 c6
4.e4 d6
5.d4 h5
6.O-O h4
7.Nf3xh4 Ng8h6
8.Nh4f3 Nh6g4
9.Bc1f4 Qd8b6
10.b3 Ng4f6
11.e5 Nf6d5
12.exd6 Nd5xf4
13.gxf4 exd6
14.c3 Bc8g4
15.Qd1e2 Kd7
16.Qe2d3 Nb8a6
17.Nf3g5 Ra8f8
18.d5 Na6c5
19.Qd3c4 f6
20.dxc6 bxc6
21.b4 Nc5a4
22.Ng5f3 Bg4e6
23.Qc4d4 Qb6c7
24.Qd4d1 Na4b6
25.Nf3d4 Be6d5
26.Qd1g4 Kd8
27.Bg2xd5 Nb6xd5
28.Nd4e6 Kd7
29.Ne6xc7 Kxc7
30.Qg4xg6 Rh8g8
31.Qg6e4 Rf8e8
32.Qe4c4 Nd5xf4
33.Qc4xf4 Bg7h6
34.Qf4g3 Bh6f4
35.Qg3g2 Rg8g5
36.Kh1 Re8h8
37.h3 Rg5h5
38.Kg1 Rh5xh3
39.Qg2g7 Kb8
40.Kg2 Bf4e5
41.f4 Rh3h2
42.Kf3 Rh8h3
43.Ke4 f5
44.Kxf5 Be5xg7
45.Rf1g1 Bg7h6
46.a4 Rh3f3
47.Rg1g4 Rf3f1
48.Ke4 Rh2h1
49.Rg4g8 Kb7
50.Rg8h8 Rh1h4
51.Rh8h7 Kb6
52.a5 Ka6
53.Kd3 Rf1xf4
54.Nb1d2 Rh4h3
55.Kc2 Rf4f2
56.Ra1d1 Rh3h2
57.Rh7xh6 Rh2xh6
58.Kb3 d5
59.Ka3 Rh6h2
60.c4 Rf2xd2
61.Rd1xd2 Rh2xd2
62.cxd5 Rd2xd5
63.Kb3 Kb5
64.Kc3 a6
65.Kb3 Rd5d3
66.Kc2 Kc4
{ resign }
0-1

[Event "Tourn. n8099"]
[Site "www.chess-mail.com"]
[Date "2015.04.25"]
[Round "1"]
[White "Abuelo"]
[Black "Vite"]
[WhiteElo "2090"]
[BlackElo "1950"]
[Result "1-0"]
[Round "1"]
1.e4 c6
2.Nb1c3 d5
3.exd5 cxd5
4.d4 Bc8f5
5.Bf1d3 Bf5xd3
6.Qd1xd3 Ng8f6
7.Bc1g5 e6
8.Ng1f3 Bf8d6
9.Nc3b5 Bd6e7
10.O-O O-O
11.Bg5f4 Nb8c6
12.a3 a6
13.Nb5c3 b5
14.Nf3e5 Nc6xe5
15.Bf4xe5 Be7d6
16.Be5xf6 Qd8xf6
17.b4 Ra8c8
18.Nc3e2 Rc8c4
19.c3 Rf8c8
20.a4 Qf6h6
21.h3 Qh6f6
22.axb5 axb5
23.Ra1a5 Rc8b8
24.Rf1a1 Qf6d8
25.Qd3f3 Qd8c7
26.Ra5a7 Rb8b7
27.Ra7a8 Bd6f8
28.Ne2f4 Rc4xc3
29.Nf4xe6 Rc3xf3
30.Ra8xf8 { resign }
1-0

[Event "Tourn. n8017"]
[Site "www.chess-mail.com"]
[Date "2015.04.25"]
[Round "1"]
[White "Pgcbies"]
[Black "Chessmith19"]
[WhiteElo "2840"]
[BlackElo "2630"]
[Result "1-0"]
[Round "1"]
1.e4 e5
2.Ng1f3 Nb8c6
3.Bf1b5 a6
4.Bb5xc6 dxc6
5.O-O Bc8g4
6.h3 h5
7.d3 Qd8f6
8.Nb1d2 g5
9.b3 Qf6g7
10.Nd2c4 Bg4c8
11.Bc1xg5 f6
12.Bg5e3 Bc8xh3
13.Nf3h4 O-O-O
14.f4 exf4
15.Be3xf4 Ng8h6
16.Qd1d2 Bf8d6
17.Bf4xd6 cxd6
18.Qd2f4 Kc7
19.Qf4xf6 Qg7xf6
20.Rf1xf6 Bh3c8
21.Nc4e3 d5
22.exd5 cxd5
23.d4 Rh8e8
24.Rf6xh6 Re8xe3
25.Rh6xh5 Re3e4
26.c3 Kb8
27.Kf2 Rd8e8
28.Nh4f3 Re4e2
29.Kf1 Bc8g4
30.Rh5h8 Bg4xf3
31.gxf3 Re8xh8
32.Kxe2 Rh8h2
33.Ke3 Rh2c2
34.Kf4 Rc2xc3
35.Ra1f1 Rc3c2
36.Ke5 Rc2xa2
37.Kd6 Kc8
38.Rf1c1 Kd8
39.Rc1h1 Ke8
40.Rh1h8 Kf7
41.Rh8h7 Kf6
42.Rh7xb7 Ra2f2
43.b4 Rf2xf3
44.Kxd5 Rf3d3
45.Rb7a7 Rd3d1
46.Ra7xa6 Ke7
47.b5 { resign }
1-0

[Event "Tourn. n8168"]
[Site "www.chess-mail.com"]
[Date "2015.04.25"]
[Round "1"]
[White "Blackpool"]
[Black "Amaya"]
[WhiteElo "1890"]
[BlackElo "2020"]
[Result "0-1"]
[Round "1"]
1.c4 c5
2.Nb1c3 Nb8c6
3.Ng1f3 Ng8f6
4.d4 cxd4
5.Nf3xd4 g6
6.e4 d6
7.Bf1e2 Bf8g7
8.Bc1e3 Bc8d7
9.O-O O-O
10.Ra1c1 a6
11.Nd4xc6 Bd7xc6
12.Be2f3 Nf6d7
13.Qd1e2 Nd7e5
14.Nc3d5 Bc6xd5
 { time }
0-1

[Event "Tourn. n8048"]
[Site "www.chess-mail.com"]
[Date "2015.04.25"]
[Round "1"]
[White "Groz"]
[Black "Fabos12"]
[WhiteElo "1809"]
[BlackElo "1870"]
[Result "1-0"]
[Round "1"]
1.g3 g6
2.Bf1g2 d5
3.e3 e5
4.a3 Ng8f6
5.Ng1e2 Bc8g4
6.O-O Nb8c6
7.f3 Bg4e6
8.d4 e4
9.fxe4 dxe4
10.c4 Be6g4
11.Nb1c3 Qd8e7
12.h3 Bg4d7
13.Qd1c2 O-O-O
14.Nc3xe4 Nf6xe4
15.Qc2xe4 Bd7f5
16.Qe4xe7 Bf8xe7
17.Kh2 Bf5d3
18.Bg2xc6 bxc6
19.Rf1xf7 Rd8e8
20.Ne2c3 Bd3xc4
21.Rf7f3 Rh8f8
22.Kg2 Rf8f6
23.Rf3xf6 Be7xf6
24.Bc1d2 Bc4d3
25.Ra1e1 c5
26.dxc5 Bf6xc3
27.Bd2xc3 Kb7
28.b4 Kc6
29.Bc3d4 Kd5
30.Re1c1 Bd3c4
31.h4 c6
32.Rc1c2 h5
33.Rc2c3 Re8e4
34.Rc3c1 Bc4e2
35.a4 Re4g4
36.Rc1c2 Be2d3
37.Rc2c1 Bd3e4
38.Kf2 Ke6
39.b5 Kd7
40.b6 Kc8
41.a5 a6
42.Rc1c3 g5
43.hxg5 Rg4xg5
44.Rc3c1 Rg5f5
45.Kg1 Rf5f3
46.Kh2 Rf3f2
47.Kh3 Be4g2
48.Kh4 Bg2f3
49.Rc1a1 Rf2h2
50.Kg5 Rh2g2
51.Kf4 Bf3d5
52.Ra1f1  { time }
1-0

[Event "Tourn. n8095"]
[Site "www.chess-mail.com"]
[Date "2015.04.25"]
[Round "1"]
[White "Andychesston"]
[Black "F14"]
[WhiteElo "1780"]
[BlackElo "1599"]
[Result "1/2-1/2"]
[Round "1"]
1.e4 e5
2.Ng1f3 Nb8c6
3.d4 exd4
4.Nf3xd4 d6
5.Nb1c3 Nc6xd4
6.Qd1xd4 Bc8e6
7.Bf1b5 Be6d7
8.Bc1f4 Ng8f6
9.O-O Bf8e7
10.Ra1d1 c6
11.Bb5c4 Qd8b6
12.b3 Qb6xd4
13.Rd1xd4 d5
14.Bc4d3 dxe4
15.Nc3xe4 Nf6xe4
16.Rd4xe4 Bd7e6
17.Rf1e1 O-O
18.Bf4e5 Be7c5
19.Re4h4 f5
20.Be5d4 Bc5xd4
21.Rh4xd4 Ra8e8
22.h3 g6
23.Bd3c4 Be6xc4
24.Re1xe8 Rf8xe8
25.Rd4xc4 Kf7
26.Rc4a4 a6
27.Ra4a5 Re8e2
28.c4 h5
29.Kf1 Re2e4
30.f3 Re4d4
31.Ke2 Ke6
32.g3 g5
33.g4 hxg4
34.hxg4 fxg4
35.Ra5xg5 gxf3
36.Kxf3 Rd4d2
37.Rg5a5 Rd2b2
38.Ke4 Rb2e2
39.Kd4 Re2d2
40.Kc5 Kd7
41.Kb6 Kc8
42.b4 Rd2c2
43.Kc5 Kc7
44.Kd4 Kb6
45.c5 Kc7
46.Kd3 Rc2h2
47.Kc3 Rh2h1
48.Ra5a3 Rh1h3
49.Kb2 Rh3h2
50.Kb1 Rh2g2
{ draw }
1/2-1/2

[Event "Tourn. n8112"]
[Site "www.chess-mail.com"]
[Date "2015.04.25"]
[Round "1"]
[White "Andychesston"]
[Black "F14"]
[WhiteElo "1820"]
[BlackElo "1850"]
[Result "1-0"]
[Round "1"]
1.e4 e5
2.Ng1f3 Nb8c6
3.d4 exd4
4.Nf3xd4 Bf8c5
5.Bc1e3 Nc6xd4
6.Be3xd4 Bc5xd4
7.Qd1xd4 d6
8.Qd4xg7 Qd8f6
9.Qg7xf6 Ng8xf6
10.Nb1c3 Bc8e6
11.Bf1e2 O-O-O
12.O-O Rh8g8
13.g3 Be6h3
14.Rf1e1 Rd8e8
15.f3 c6
16.Be2f1 Bh3e6
17.Ra1d1 a6
18.Rd1xd6 Kc7
19.e5 Rg8g6
20.Bf1d3 Nf6d7
21.Bd3xg6 hxg6
22.f4 f6
23.Nc3e4 fxe5
24.Re1d1 Be6d5
25.fxe5 Nd7xe5
26.Ne4f6 Re8e6
27.Nf6xd5 Kxd6
28.Nd5f4 Ke7
29.Nf4xe6 Kxe6
30.Rd1d8 a5
31.Rd8b8 b5
32.Kg2 Kd5
33.h4 Ke4
34.Rb8e8 Kd5
35.Kh3 c5
36.b3 c4
37.bxc4 Ne5xc4
38.Kg4 a4
39.Kg5 Nc4e5
40.Kf6 Ne5g4
41.Kxg6 b4
42.Re8a8 Ng4e3
43.Ra8xa4 Ne3xc2
44.h5 Nc2d4
45.Ra4xb4 Nd4c6
46.a3 { resign }
1-0

[Event "Tourn. n8147"]
[Site "www.chess-mail.com"]
[Date "2015.04.25"]
[Round "1"]
[White "Neo"]
[Black "Anja"]
[WhiteElo "1730"]
[BlackElo "1680"]
[Result "0-1"]
[Round "1"]
1.d4 f5
2.e3 Ng8f6
3.g3 g6
4.Bf1g2 d6
5.Ng1f3 Bf8g7
6.c3 O-O
7.Qd1b3 e6
8.O-O c6
9.c4 Qd8e8
10.a4 Nb8d7
11.Bc1d2 Nd7b6
12.Nf3g5 h6
13.c5 dxc5
14.dxc5 Nb6d5
15.Ng5f3 Qe8e7
16.Bd2b4 Nd5xb4
17.Qb3xb4 Nf6d5
18.Qb4c4 Bg7xb2
19.Ra1a2 Bb2g7
20.Nb1d2 e5
21.Nf3h4 Kh7
22.Bg2xd5 cxd5
23.Qc4xd5 Bc8e6
24.Qd5d6 Qe7xd6
25.cxd6 Be6xa2
26.Nd2f3 Rf8d8
27.Rf1d1 e4
28.Nf3e1 Ba2b3
29.Rd1a1 Bg7xa1
{ resign }
0-1

[Event "Tourn. n8188"]
[Site "www.chess-mail.com"]
[Date "2015.04.25"]
[Round "1"]
[White "Panham"]
[Black "Yangqi"]
[WhiteElo "2030"]
[BlackElo "2190"]
[Result "0-1"]
[Round "1"]
1.d4 Ng8f6
2.c4 e5
3.e3 exd4
4.exd4 d5
5.Nb1c3 Bf8e7
6.Ng1f3 O-O
7.Bf1e2 Bc8e6
8.c5 b6
9.b4 a5
10.bxa5 bxc5
11.O-O c4
12.Bc1d2 Ra8xa5
13.a4 Ra5a8
14.Qd1c2 c5
15.Bd2e3 Nb8d7
16.Nf3e5 Nd7xe5
17.dxe5 Nf6d7
18.Be3f4 d4
19.Be2f3 dxc3
20.Bf3xa8 Qd8xa8
21.Qc2xc3 Qa8e4
22.Bf4g3 Be6d5
23.f3 Qe4d4
24.Qc3xd4 cxd4
25.Bg3f2 Be7c5
26.Rf1d1 d3
27.f4 Bc5xf2
28.Kxf2 Nd7c5
29.a5 Rf8a8
30.Ke3 Nc5b3
31.Ra1a4 Ra8xa5
32.Ra4xa5 Nb3xa5
33.Rd1a1 Na5b3
34.Ra1a7 g6
35.Ra7c7 d2
36.Ke2 Bd5xg2
{ resign }
0-1

[Event "Tourn. n8174"]
[Site "www.chess-mail.com"]
[Date "2015.04.25"]
[Round "1"]
[White "Duff"]
[Black "Anja"]
[WhiteElo "1850"]
[BlackElo "1640"]
[Result "1-0"]
[Round "1"]
1.e4 Ng8f6
2.e5 Nf6d5
3.d4 d6
4.Ng1f3 Bc8g4
5.Bf1e2 Nb8c6
6.c3 g6
7.O-O Bf8g7
8.exd6 cxd6
9.Qd1b3 Qd8c7
10.Qb3xd5 O-O
11.Bc1f4 Rf8d8
12.Nb1d2 e6
13.Qd5b3 Qc7e7
14.h3 Bg4xf3
15.Be2xf3 Ra8c8
16.Nd2e4 e5
17.Bf4g5 Qe7c7
18.Bg5xd8 Rc8xd8
19.dxe5 dxe5
20.Ra1d1 { resign }
1-0

[Event "Tourn. n8194"]
[Site "www.chess-mail.com"]
[Date "2015.04.25"]
[Round "1"]
[White "Louis"]
[Black "Tomcapp"]
[WhiteElo "1690"]
[BlackElo "1500"]
[Result "0-1"]
[Round "1"]
1.e4 e5
2.Ng1f3 Nb8c6
3.Bf1e2 Bf8c5
4.O-O Ng8f6
5.Nb1c3 Nc6d4
6.Nf3xe5 Qd8e7
7.f4 Nd4xc2
{ resign }
0-1

[Event "Tourn. n8190"]
[Site "www.chess-mail.com"]
[Date "2015.04.25"]
[Round "1"]
[White "Cathar"]
[Black "Gorgo"]
[WhiteElo "2250"]
[BlackElo "2400"]
[Result "0-1"]
[Round "1"]
1.e4 c5
2.Ng1f3 d6
3.d4 cxd4
4.Nf3xd4 Ng8f6
5.Nb1c3 g6
6.Bc1e3 Bf8g7
7.f3 O-O
8.Qd1d2 Nb8c6
9.O-O-O d5
10.Qd2e1 e5
11.Nd4xc6 bxc6
12.exd5 cxd5
13.Be3g5 Bc8e6
14.Bf1c4 Qd8c7
15.Bg5xf6 dxc4
16.Bf6xg7 Kxg7
17.h4 Ra8b8
18.Nc3e4 h5
19.g4 c3
20.Ne4xc3 hxg4
21.h5 gxf3
22.hxg6 fxg6
23.Qe1e3 Rf8f4
24.Nc3d5 Be6xd5
25.Rd1xd5 f2
26.Rh1f1 Rb8f8
27.Rd5xe5 Rf8f7
28.Re5e6 Qc7c4
29.Qe3e5 Rf4f6
{ resign }
0-1

[Event "Tourn. n8044"]
[Site "www.chess-mail.com"]
[Date "2015.04.25"]
[Round "1"]
[White "Hundegana"]
[Black "Samael"]
[WhiteElo "1920"]
[BlackElo "2090"]
[Result "0-1"]
[Round "1"]
1.e4 e5
2.c4 Ng8f6
3.d3 d6
4.h3 Nb8c6
5.Bc1e3 Bf8e7
6.Bf1e2 O-O
7.Nb1c3 Bc8d7
8.Ng1f3 a6
9.Nf3h2 Nc6d4
10.Be3xd4 exd4
11.Nc3d5 c5
12.O-O Nf6xd5
13.cxd5 b6
14.Be2g4 a5
15.Bg4xd7 Qd8xd7
16.f4 f6
17.f5 b5
18.b3 b4
19.Qd1f3 a4
20.bxa4 Ra8xa4
21.Rf1f2 Rf8a8
22.Qf3d1 Qd7b5
23.Nh2f3 Ra4a3
24.Nf3e1 Ra8a5
25.Rf2b2 Qb5a6
26.Qd1b1 Ra5b5
27.Rb2b3 Rb5a5
28.Rb3xa3 Ra5xa3
29.Kf2 b3
30.Kf3 Ra3xa2
31.Ra1xa2 Qa6xa2
32.Qb1xa2 bxa2
33.Ne1c2 Be7d8
34.Ke2 Bd8a5
35.Kd1 Ba5c3
36.Kc1 a1Q
37.Nc2xa1 Bc3xa1
38.Kc2 Kf7
39.Kb3 g6
40.Kc4 Ba1c3
41.Kb5 h6
42.Kc6 c4
43.dxc4 d3
44.Kxd6 d2
45.c5 d1Q
46.fxg6 Kxg6
47.c6 Qd1c1
48.Kd7 Bc3e5
49.d6 Qc1c5
50.g4 Qc5xd6
51.Ke8 Qd6xc6
52.Ke7 Qc6d6
53.Ke8 Qd6c7
54.h4 Be5d6
55.h5 Kg7
56.e5 Qc7e7
{ resign }
0-1

[Event "Tourn. n8124"]
[Site "www.chess-mail.com"]
[Date "2015.04.25"]
[Round "1"]
[White "Drdoom"]
[Black "Tenzinnima"]
[WhiteElo "1770"]
[BlackElo "1890"]
[Result "1-0"]
[Round "1"]
1.e4 c5
2.d4 cxd4
3.Qd1xd4 Nb8c6
4.Qd4d1 Ng8f6
5.Bf1d3 d5
6.exd5 Nf6xd5
7.a3 g6
8.c4  { time }
1-0

[Event "Match"]
[Site "www.echecsemail.com"]
[Date "2015.04.25"]
[Round "1"]
[White "Jafarhayder"]
[Black "Hundegana"]
[WhiteElo "1250"]
[BlackElo "1960"]
[Result "1-0"]
[Round "1"]
1.d4 d6
2.c4 c5
3.dxc5 Qd8a5
4.Nb1c3 Qa5xc5
5.e4 Bc8d7
6.Bc1e3 Qc5c8
7.h3 Bd7c6
8.Ng1f3 h6
9.Bf1e2 Ng8f6
10.Nf3d2 Nb8d7
11.O-O Qc8c7
12.Nc3d5 Bc6xd5
13.cxd5 b6
14.Ra1c1 Qc7b7
15.Be2b5 a6
16.Bb5c6 Qb7a7
17.Bc6xa8 Qa7xa8
18.Qd1b3 b5
19.Rc1c7 Nd7c5
20.Be3xc5 dxc5
21.Rc7xc5 e6
22.Rc5c2 exd5
23.Rf1c1 Ke7
24.Rc2c7 Nf6d7
25.Qb3a3 Ke6
26.Rc1c6 Ke5
27.Qa3g3 Kd4
28.Qg3c3 { resign }
1-0

[Event "Match"]
[Site "www.echecsemail.com"]
[Date "2015.04.25"]
[Round "1"]
[White "Generalfree"]
[Black "Caspito"]
[WhiteElo "1850"]
[BlackElo "1790"]
[Result "1/2-1/2"]
[Round "1"]
1.d4 g6
2.e4 d6
3.Bf1d3 Bf8g7
4.Bc1e3 c6
5.c3 Ng8f6
6.h3 O-O
7.g4 b6
8.Nb1d2 Bc8b7
9.f3 b5
10.b4 a5
11.f4 axb4
12.cxb4 e6
13.Ng1f3 Nb8a6
14.a3 c5
15.Ra1c1 c4
16.Bd3b1 Qd8e7
17.h4 Nf6xg4
18.h5 Ng4xe3
19.Qd1e2 Ne3g4
20.hxg6 fxg6
21.Nf3g5 Ng4f6
22.Qe2h2 Nf6h5
23.Nd2f3 Bg7f6
24.Kd2 d5
25.e5 Bf6xg5
26.Nf3xg5 Rf8xf4
27.Qh2xf4 Nh5xf4
28.Ng5xh7 Kg7
29.Nh7f6 Ra8h8
30.Rh1xh8 Kxh8
31.Rc1h1 Kg7
32.Rh1h7 Kf8
33.Rh7h8 Kg7
{ draw }
1/2-1/2

[Event "Match"]
[Site "www.echecsemail.com"]
[Date "2015.04.25"]
[Round "1"]
[White "Pare123"]
[Black "Generalfree"]
[WhiteElo "1950"]
[BlackElo "1820"]
[Result "1-0"]
[Round "1"]
1.c4 d5
2.e3 e5
3.cxd5 Qd8xd5
4.Nb1c3 Qd5d8
5.Bf1c4 c6
6.h3 h5
7.Qd1f3 Qd8f6
8.Qf3xf6 Ng8xf6
9.Ng1f3 Bf8d6
10.Nf3g5 O-O
11.d3 b5
12.Bc4b3 Bc8f5
13.e4 Bf5g6
14.O-O Nb8d7
15.f4 exf4
16.Bc1xf4 Bd6xf4
17.Rf1xf4 a5
18.a3 Nd7e5
19.Ra1d1 b4
20.Nc3a4 Ra8d8
21.d4 Ne5d7
22.e5 Nf6d5
23.Bb3xd5 cxd5
24.axb4 axb4
25.Rd1c1 Rd8a8
26.b3 Ra8c8
27.Na4c5 Nd7xc5
28.dxc5 Rf8e8
29.Rf4xb4 Re8xe5
30.Ng5f3 Re5e4
31.Rb4xe4 dxe4
32.Nf3e5 Bg6f5
33.b4 Rc8e8
34.Ne5c4 e3
35.Rc1e1 e2
36.Kf2 Bf5d3
37.Nc4d6 Re8e6
38.b5 Re6f6
39.Ke3 Rf6f1
40.Kd2 Rf1xe1
41.Kxe1 g6
42.b6 Bd3a6
43.c6 { resign }
1-0

[Event "Match"]
[Site "www.echecsemail.com"]
[Date "2015.04.25"]
[Round "1"]
[White "Julianlore"]
[Black "Reanna"]
[WhiteElo "1499"]
[BlackElo "1560"]
[Result "1-0"]
[Round "1"]
1.e4 d6
2.d4 Ng8f6
3.f3 g6
4.c4 e6
5.Nb1c3 Bf8g7
6.Bc1e3 O-O
7.Bf1d3 Nb8c6
8.Ng1e2 Nf6h5
9.Qd1d2 Nc6b4
10.Bd3b1 Qd8h4
11.Be3f2 Qh4f6
12.O-O e5
13.a3 Nh5f4
14.Ne2xf4 exf4
15.axb4 b6
16.Nc3d5 Qf6d8
17.Nd5xf4 c6
18.b5 Bc8b7
19.bxc6 Bb7xc6
20.Nf4d5 Bc6xd5
21.cxd5 a5
22.Rf1c1 Rf8e8
23.Rc1c6 h5
24.Qd2f4 a4
25.Rc6xd6 Qd8c7
26.e5 Kh7
27.Ra1a3 b5
28.Ra3c3 Qc7e7
29.e6 Bg7h6
30.Qf4xf7 Qe7xf7
31.exf7 Re8f8
32.Rd6xg6 Rf8xf7
33.Rg6a6 Kg7
34.Ra6xa8 b4
35.Rc3c6 a3
36.Rc6g6 Kh7
37.Rg6g3 { resign }
1-0

[Event "Match"]
[Site "www.echecsemail.com"]
[Date "2015.04.25"]
[Round "1"]
[White "Menace"]
[Black "Markos123"]
[WhiteElo "2260"]
[BlackElo "1900"]
[Result "1-0"]
[Round "1"]
1.g3 c6
2.Bf1g2 d5
3.d4 h6
4.Bc1f4 Nb8a6
5.c3 e6
6.Nb1d2 Bf8d6
7.Bf4xd6 Qd8xd6
8.Ng1f3 Ng8f6
9.O-O O-O
10.Nf3e5 Nf6d7
11.e4 Nd7xe5
12.dxe5 Qd6xe5
13.Rf1e1 Qe5g5
14.exd5 cxd5
15.Qd1c1 b5
16.c4 Bc8b7
17.cxb5 Rf8c8
18.Qc1d1 Na6c5
19.Nd2f3 Qg5f6
20.b4 Nc5e4
21.Nf3d2 Ne4c3
22.Qd1b3 Ra8b8
23.a4 a6
24.Nd2b1 d4
25.Bg2xb7 Rb8xb7
26.bxa6 Rb7a7
27.b5 Nc3d5
28.Nb1d2 Rc8c3
29.Qb3b1 d3
30.Nd2e4 Qf6d4
31.Ne4xc3 Nd5xc3
32.Qb1b3 d2
33.Re1d1 Nc3e4
34.Qb3e3 Qd4b4
35.Qe3xa7 Ne4c5
36.Qa7b8 Kh7
37.a7 Nc5b3
38.a8Q Nb3c1
39.Ra1xc1 dxc1Q
40.Rd1xc1 Kg6
41.a5 Qb4b3
42.a6 f6
43.a7 e5
44.Qa8e4 Kf7
45.a8Q Qb3e6
46.Rc1c7 Qe6e7
47.Rc7xe7 { resign }
1-0

[Event "Match"]
[Site "www.echecsemail.com"]
[Date "2015.04.25"]
[Round "1"]
[White "Vinvangogh"]
[Black "Guidom"]
[WhiteElo "1550"]
[BlackElo "2060"]
[Result "0-1"]
[Round "1"]
1.e4 e5
2.Ng1f3 Nb8c6
3.Bf1b5 a6
4.Bb5xc6 dxc6
5.Nf3xe5 Qd8d4
6.O-O Qd4xe5
7.Qd1f3 Ng8f6
8.Nb1c3 Bc8g4
9.Qf3d3 Ra8d8
10.Qd3e3 Bf8c5
11.Qe3e1 O-O
12.h3 Bg4xh3
13.gxh3 Qe5g3
14.Kh1 Qg3xh3
15.Kg1 Nf6g4
16.Nc3e2 Qh3h2
{ resign }
0-1

[Event "Match"]
[Site "www.echecsemail.com"]
[Date "2015.04.25"]
[Round "1"]
[White "Billyg"]
[Black "Kesalon"]
[WhiteElo "1620"]
[BlackElo "1830"]
[Result "0-1"]
[Round "1"]
1.e4 e5
2.Ng1f3 Nb8c6
3.a3 Ng8f6
4.Bf1d3 Bf8c5
5.O-O d6
6.h3 O-O
7.b4 Bc5b6
8.Nb1c3 Bc8e6
9.Bc1b2 Nc6d4
10.Nf3xd4 Bb6xd4
11.Rf1e1 c5
12.bxc5 Bd4xc5
13.Bd3b5 Qd8b6
14.Qd1e2 a6
15.Bb5c4 Be6xc4
16.Nc3a4 Bc4xe2
17.Na4xb6 Bc5xb6
18.Re1xe2 Ra8c8
19.Ra1c1 h6
20.c3 Rc8c4
21.d3 Rc4c8
22.Re2d2 Bb6a5
23.Rd2d1 Rc8c7
24.f3 Rf8c8
25.c4 b5
26.Bb2c3 Ba5xc3
27.Rc1xc3 Nf6h5
28.Rd1c1 Nh5f4
29.Kf2 bxc4
30.dxc4 Rc8b8
31.Rc1c2 Rc7b7
32.g3 Nf4xh3
33.Kg2 Nh3g5
34.Rc3d3 Rb7b6
35.c5 dxc5
36.Rd3d5 Rb6b2
37.Rc2xb2 Rb8xb2
38.Kf1 Ng5xf3
39.Rd5xc5 Rb2b5
40.Rc5c6 Rb5a5
41.Rc6c3 Nf3d4
42.Rc3c8 Kh7
43.Rc8e8 f6
44.Re8c8 Ra5xa3
45.Rc8a8 a5
46.Kf2 Ra3a1
47.Ke3 a4
48.Kd3 a3
49.Kc3 g5
50.Kb4 Nd4e2
51.g4 Ne2g3
52.Ra8xa3 Ra1xa3
53.Kxa3 Ng3xe4
{ resign }
0-1

[Event "Match"]
[Site "www.echecsemail.com"]
[Date "2015.04.25"]
[Round "1"]
[White "Swampcat"]
[Black "Harrytheking"]
[WhiteElo "1230"]
[BlackElo "1680"]
[Result "0-1"]
[Round "1"]
1.e4 b6
2.d4 Bc8a6
3.Bf1xa6 Nb8xa6
4.Ng1f3 h6
5.c4 e6
6.Nb1c3 Ng8e7
7.O-O Ne7g6
8.a3 Bf8e7
9.Bc1e3 O-O
10.Nc3e2 c6
11.b4 Na6c7
12.d5 cxd5
13.cxd5 exd5
14.exd5 Be7f6
15.Ra1c1 Bf6b2
16.Rc1c2 Bb2xa3
17.Qd1b1 Nc7xd5
18.Be3d2 a5
19.bxa5 bxa5
20.Qb1a2 Nd5b4
21.Bd2xb4 Ba3xb4
22.Rf1c1 Qd8e7
23.Rc2c4 d5
24.Rc4c7 Qe7e6
25.Nf3d4 Qe6g4
26.Qa2xd5 Ng6f4
27.Ne2xf4 Qg4xf4
28.Nd4f5 Ra8a7
29.Rc7c4 Qf4g5
30.Nf5e3 Qg5xd5
31.Ne3xd5 Bb4d2
32.Rc1c2 Bd2g5
33.Nd5e3 a4
34.Rc2a2 a3
35.Ne3c2 Bg5e7
36.Rc4c3 Rf8b8
37.h3 Rb8b2
{ resign }
0-1

[Event "Match"]
[Site "www.echecsemail.com"]
[Date "2015.04.25"]
[Round "1"]
[White "Vinvangogh"]
[Black "Stevep84"]
[WhiteElo "1520"]
[BlackElo "2120"]
[Result "0-1"]
[Round "1"]
1.Ng1h3 e5
2.e4 Ng8f6
3.Nb1c3 Bf8b4
4.Nh3g5 h6
5.Ng5h3 Bb4xc3
6.bxc3 d5
7.d4 Nf6xe4
8.dxe5 c6
9.Qd1f3 Nb8d7
10.Bc1xh6 Rh8xh6
11.c4 Nd7xe5
12.Qf3f4 Qd8c7
13.Qf4e3 Bc8xh3
14.Rh1g1 Bh3f5
15.Qe3xh6 gxh6
16.Bf1d3 Qc7a5
17.Ke2 Qa5d2
18.Kf1 Qd2xf2
{ resign }
0-1

[Event "Eq:Team USA-Slap Shot Mates : "]
[Site "www.chess-mail.com"]
[Date "2015.04.25"]
[Round "1"]
[White "Leswamp"]
[Black "Uji40"]
[WhiteElo "2430"]
[BlackElo "1790"]
[Result "1-0"]
[Round "1"]
1.d4 Ng8f6
2.c4 g6
3.Nb1c3 d5
4.Bc1f4 c6
5.Ng1f3 Bf8g7
6.e3 O-O
7.h3 Rf8e8
8.Qd1b3 Nb8d7
9.Ra1c1 Nd7b6
10.c5 Nb6c4
11.Bf1xc4 dxc4
12.Qb3xc4 Bc8e6
13.Qc4a4 a6
14.O-O b5
15.Qa4c2 a5
16.Nf3e5 Ra8c8
17.Qc2e2 Nf6d5
18.Nc3xd5 Be6xd5
19.b3 f6
20.Ne5f3 Rc8a8
21.e4 Bd5f7
22.Rf1d1 Ra8a7
23.e5 e6
24.exf6 Bg7xf6
25.Nf3e5 Bf6xe5
26.Bf4xe5 Ra7d7
27.Qe2f3 Re8f8
28.Qf3xc6 b4
29.Qc6e4 Bf7e8
30.c6 Rd7d5
31.c7 Qd8c8
32.Rc1c5 Rd5xc5
33.dxc5 Be8f7
34.Qe4h4 Bf7e8
35.Qh4h6 Rf8f7
36.Rd1d8 { resign }
1-0

[Event "Eq:La Taverne-Los Tercios : "]
[Site "www.chess-mail.com"]
[Date "2015.04.25"]
[Round "1"]
[White "Andradamaria"]
[Black "Louis"]
[WhiteElo "2119"]
[BlackElo "1690"]
[Result "1-0"]
[Round "1"]
1.d4 Ng8f6
2.c4 e6
3.Ng1f3 d5
4.Nb1c3 c5
5.cxd5 Nf6xd5
6.e4 Nd5xc3
7.bxc3 cxd4
8.cxd4 Nb8c6
9.Bf1d3 Nc6xd4
10.Nf3xd4 { resign }
1-0

[Event "Tourn. n8045"]
[Site "www.chess-mail.com"]
[Date "2015.04.26"]
[Round "1"]
[White "Easychess"]
[Black "Azulmarino"]
[WhiteElo "1440"]
[BlackElo "1550"]
[Result "0-1"]
[Round "1"]
1.d4 d5
2.Bc1f4 Nb8c6
3.e3 f5
4.Ng1f3 h6
5.Nf3e5 Nc6xe5
6.Bf4xe5 Ng8f6
7.Be5xf6 gxf6
8.Qd1h5 Kd7
9.Qh5xf5 Ke8
10.Qf5g6 Kd7
11.Nb1c3 c6
12.Qg6f5 Kc7
13.Qf5d3 Bc8e6
14.O-O-O Qd8d6
15.e4 Qd6f4
16.Qd3d2 Qf4xd2
17.Rd1xd2 Bf8g7
18.f3 h5
19.Bf1e2 Be6d7
20.exd5 Bg7h6
21.dxc6 bxc6
22.Rh1d1 Bh6xd2
23.Rd1xd2 Rh8g8
24.g3 Bd7f5
25.Nc3e4 Bf5e6
26.Ne4c5 Be6f5
27.c3 a5
28.Be2c4 Rg8g7
29.Rd2e2 a4
30.a3 Ra8d8
31.Nc5xa4 h4
32.g4 Bf5h7
33.Bc4b3 Bh7d3
34.Re2d2 Bd3h7
{ time. }
0-1

[Event "Tourn. n8171"]
[Site "www.chess-mail.com"]
[Date "2015.04.26"]
[Round "1"]
[White "Jaroslavpech"]
[Black "Jdz"]
[WhiteElo "2390"]
[BlackElo "2430"]
[Result "1-0"]
[Round "1"]
1.e4 e5
2.Ng1f3 Nb8c6
3.Bf1b5 a6
4.Bb5a4 Ng8f6
5.O-O b5
6.Ba4b3 Bf8e7
7.Rf1e1 { resign }
1-0

[Event "Tourn. n8156"]
[Site "www.chess-mail.com"]
[Date "2015.04.26"]
[Round "1"]
[White "Generalfree"]
[Black "Libiesse"]
[WhiteElo "1770"]
[BlackElo "1980"]
[Result "0-1"]
[Round "1"]
1.e4 c5
2.c3 e6
3.d4 d5
4.exd5 exd5
5.dxc5 Bf8xc5
6.b4 Bc5b6
7.Qd1h5 Ng8f6
8.Qh5e5 Kf8
9.f3 Nb8c6
10.Qe5g5 h6
11.Qg5d2 Bc8f5
12.Bf1d3 Qd8d7
13.Bd3xf5 Qd7xf5
14.g4 Qf5e5
15.Ng1e2 Ra8e8
16.Bc1b2 a5
17.c4 Bb6d4
18.Nb1c3 axb4
19.f4 bxc3
20.Bb2xc3 Bd4xc3
21.fxe5 Bc3xd2
22.Kxd2 Nc6xe5
23.cxd5 Nf6xd5
24.Ra1b1 Ne5xg4
{ resign }
0-1

[Event "Tourn. n8158"]
[Site "www.chess-mail.com"]
[Date "2015.04.26"]
[Round "1"]
[White "Anja"]
[Black "Gandalf"]
[WhiteElo "1670"]
[BlackElo "1600"]
[Result "1-0"]
[Round "1"]
1.Ng1f3 c5
2.d4 cxd4
3.Nf3xd4 d5
4.Bc1f4 a6
5.e3 Ng8f6
6.Bf1e2 g6
7.O-O Bf8g7
8.Nb1c3 O-O
9.Be2f3 e6
10.Nc3e2 Nb8c6
11.c3 Bc8d7
12.Bf4d6 Rf8e8
13.Qd1b3 b5
14.Ra1c1 Nc6xd4
{ time. }
1-0

[Event "Tourn. n8131"]
[Site "www.chess-mail.com"]
[Date "2015.04.26"]
[Round "1"]
[White "Knightjumper"]
[Black "Neo"]
[WhiteElo "1750"]
[BlackElo "1760"]
[Result "0-1"]
[Round "1"]
1.c4 c6
2.d4 e6
3.Nb1c3 Bf8b4
4.Bc1d2 d5
5.e3 Ng8f6
6.Ng1f3 O-O
7.Bf1d3 Bb4xc3
8.Bd2xc3 Nf6e4
9.Bd3xe4 dxe4
10.Nf3d2 b5
11.cxb5 cxb5
12.O-O a5
13.a3 Bc8b7
14.Qd1e2 Bb7a6
15.b4 axb4
16.Bc3xb4 Rf8e8
17.Rf1c1 Qd8b6
18.Bb4c5 Qb6d8
19.Qe2e1 Qd8d5
20.Qe1d1 Nb8c6
21.Qd1b3 Qd5h5
22.Nd2f1 Re8b8
23.Nf1g3 Qh5g4
24.h3 Qg4g6
25.Qb3c2 b4
26.axb4 Ba6d3
27.Qc2d2 Ra8xa1
28.Rc1xa1 Qg6g5
29.Ra1a6 Bd3xa6
{ resign }
0-1

[Event "Tourn. n8165"]
[Site "www.chess-mail.com"]
[Date "2015.04.26"]
[Round "1"]
[White "Forest"]
[Black "Cyrilgeorge"]
[WhiteElo "1570"]
[BlackElo "1429"]
[Result "0-1"]
[Round "1"]
1.d4 d5
2.c4 dxc4
3.Ng1f3 b5
4.a4 Bc8d7
5.axb5 Bd7xb5
6.Nb1c3 a6
7.Nc3xb5 c6
8.Nb5c3 Qd8b6
9.e4 Qb6b3
10.Qd1xb3 cxb3
11.Bf1c4 e6
12.Bc4xb3 Bf8b4
13.O-O Nb8d7
{ time. }
0-1

[Event "Tourn. n8126"]
[Site "www.chess-mail.com"]
[Date "2015.04.26"]
[Round "1"]
[White "Pariolinius"]
[Black "Cardiff"]
[WhiteElo "1920"]
[BlackElo "1960"]
[Result "0-1"]
[Round "1"]
1.d4 d5
2.c4 e5
3.dxe5 d4
4.Ng1f3 Nb8c6
5.e3 Bf8b4
6.Nb1d2 dxe3
7.fxe3 Bc8g4
8.Bf1e2 Qd8e7
9.a3 Bb4xd2
10.Bc1xd2 O-O-O
11.O-O Ng8h6
12.b4 Bg4xf3
13.Be2xf3 Nc6xe5
14.Bf3d5 c6
15.Qd1c2 cxd5
16.cxd5 Kb8
17.e4 Rd8c8
18.Qc2b3 Ne5c4
19.Bd2f4 Ka8
20.Rf1e1 f6
21.Ra1c1 Nc4e5
22.Rc1xc8 Rh8xc8
23.h3 Nh6f7
24.b5 Qe7c5
25.Kh2 Qc5c3
26.Qb3a2 Ne5d3
27.Re1e3 Qc3c1
28.Re3xd3 Qc1xf4
29.g3 Qf4xe4
30.Rd3d2 Rc8c1
{ resign }
0-1